ငြိမ်းအေးသောစိတ် / (Record no. 24891)

000 -LEADER
fixed length control field 01058nam a22001937a 4500
005 - DATE AND TIME OF LATEST TRANSACTION
control field 20240305102257.0
008 - FIXED-LENGTH DATA ELEMENTS--GENERAL INFORMATION
fixed length control field 230530b ||||| |||| 00| 0 eng d
040 ## - CATALOGING SOURCE
Transcribing agency SSBUL
Modifying agency SSBUL
082 ## - DEWEY DECIMAL CLASSIFICATION NUMBER
Edition number 23
Classification number ၂၉၄.၃၄၄၃၅
100 01 - MAIN ENTRY--PERSONAL NAME
Personal name ခေမာနန္ဒ၊
Titles and words associated with a name အရှင်၊
Miscellaneous information (ရန်ကင်းတောရ)သပြေပင်။
9 (RLIN) 24649
245 10 - TITLE STATEMENT
Title ငြိမ်းအေးသောစိတ် /
Statement of responsibility, etc. အရှင်ခေမာနန္ဒ(ရန်ကင်းတောရ)သပြေပင်။
260 ## - PUBLICATION, DISTRIBUTION, ETC.
Place of publication, distribution, etc. ရန်ကုန်၊
Name of publisher, distributor, etc. ရွှေနိုင်ငံစာ‌ပေ၊
Date of publication, distribution, etc. ၂၀၂၂။
300 ## - PHYSICAL DESCRIPTION
Extent ၉၃ စာမျက်နှာ၊
Dimensions ၁၆ စင်တီ။
440 ## - SERIES STATEMENT/ADDED ENTRY--TITLE
Title ရန်ကင်းတောင်စာစဉ်၊
Volume/sequential designation ၃၉။
9 (RLIN) 24623
500 ## - GENERAL NOTE
General note S-KN: Ashin Khemananda (Brahamana)
650 ## - SUBJECT ADDED ENTRY--TOPICAL TERM
Topical term or geographic name entry element ဗုဒ္ဓဘာသာ
General subdivision ဝိပဿနာ။
9 (RLIN) 24652
Topical term or geographic name entry element စိတ်။
9 (RLIN) 24653
942 ## - ADDED ENTRY ELEMENTS (KOHA)
Source of classification or shelving scheme
Koha item type Book (Short term)
Edition 23
Classification part ၂၉၄.၃၃၄၃၅
Call number prefix ခေ
Holdings
Withdrawn status Lost status Source of classification or shelving scheme Damaged status Not for loan Collection code Permanent Location Current Location Shelving location Date acquired Total Checkouts Full call number Barcode Date last seen Price effective from Koha item type Accession Date last checked out
          Special Collections Shan State Buddhist University Library Shan State Buddhist University Library Special Collection Shelves 30/05/2023   ၂၉၄.၃၄၄၃၅ ခေ ၁၆၇၃၆(၁) S-KN MB00016736 30/05/2023 30/05/2023 Book (Short term) ၁၆၇၃၆(၁) S-KN  
          Special Collections Shan State Buddhist University Library Shan State Buddhist University Library Special Collection Shelves 30/05/2023 1 ၂၉၄.၃၄၄၃၅ ခေ ၁၆၇၃၇(၂) S-KN MB00016737 07/09/2023 30/05/2023 Book (Short term) ၁၆၇၃၇(၂) S-KN 28/08/2023

Library - 09407999929
Admin Office - 09407999979
Dean Office - 09250910768
Registrar Office - 09892297154
Email - [email protected]
Shan State Buddhist University, Phaya Phyu Taunggyi, Shan State, Myanmar.